Administración de empresas : teoría y práctica
| Main Author: | |
|---|---|
| Format: | Section = Libro |
| Language: | Undetermined Spanish |
| Published: |
México
Limusa
1968
|
| Subjects: |
| LEADER | 00532nam a2200181Ia 4500 | ||
|---|---|---|---|
| 008 | 240829s9999 xx 000 0 und d | ||
| 020 | |a 968-18-0273-X | ||
| 040 | |a BIBLIOTECA-RUPAP 658.159 R456 | ||
| 041 | |a spa | ||
| 082 | |a 658.159 R456 | ||
| 100 | 1 | |a Reyes Ponce, Agustín | |
| 245 | 1 | 0 | |a Administración de empresas : teoría y práctica |
| 260 | |a México |b Limusa |c 1968 | ||
| 300 | |a 195 p. :il. | ||
| 650 | 7 | |a ADMINISTRACION DE EMPRESA - PARTICIPACION DE LOS EMPLEADOS. I. Tít. | |
| 942 | |c BK |2 ddc | ||
| 991 | |a TEXTO | ||
| 999 | |c 9948 | ||